000
00292nam a2200109 a 4500
005
20201002044913.0
008
140402s1970 000 spa d
100
_a
Dumas, Alejandro
_9
44381
245
3
_a
La dama de las camelias.
260
_a
Madrid -- Libra,
_c
1970 -- 192 p.
999
_c
43147
_d
43147
040
_a
DO-SdBNP